[Event "We Sastamala 2020"]
[Site "?"]
[Date "2020.02.29"]
[Round "2"]
[White "Palenius, Jarmo"]
[Black "Piho, Juha"]
[Result "0-1"]
[WhiteElo "1944"]
[BlackElo "1952"]
[PlyCount "90"]
[EventDate "2021.11.06"]
[SourceDate "2021.11.06"]
[SourceVersionDate "2021.11.06"]

1. d4 Nf6 2. Nf3 e6 3. g3 b6 4. Bg2 Bb7 5. O-O Be7 6. c4 O-O 7. Nc3 Ne4 8. Qc2
Nxc3 9. Qxc3 d6 10. Rd1 Nd7 11. b3 f5 12. Qe3 Rf6 13. Ng5 Bxg2 14. Nxe6 f4 15.
Nxf4 Rxf4 16. Qxf4 Bb7 17. Bb2 Nf8 18. e4 Ne6 19. Qg4 Ng5 20. Re1 Bc8 21. Qe2
Nh3+ 22. Kg2 Qe8 23. e5 Qg6 24. Qe4 Qxe4+ 25. Rxe4 Ng5 26. Re3 Bh3+ 27. Kg1
dxe5 28. f4 Ne6 29. fxe5 Rf8 30. Re2 Bg5 31. Rae1 Rf3 32. d5 Nc5 33. e6 Be7 34.
Bd4 Rd3 35. Be5 Nxe6 36. dxe6 Bc5+ 37. Kh1 Bxe6 38. h4 Bg4 39. Bxc7 Bb4 40. Re3
Rd7 41. Rf1 h5 42. Re8+ Kh7 43. Bf4 Rf7 44. Kg2 Bd7 45. Rd1 Bxe8 0-1

[Event "We Sastamala 2020"]
[Site "?"]
[Date "2020.02.29"]
[Round "3"]
[White "Olander, Aleksi"]
[Black "Jarvenpaa, Jari"]
[Result "0-1"]
[WhiteElo "2159"]
[BlackElo "2279"]
[PlyCount "100"]
[EventDate "2021.11.06"]
[SourceDate "2021.11.06"]
[SourceVersionDate "2021.11.06"]

1. d4 d5 2. c4 dxc4 3. e3 e5 4. Bxc4 exd4 5. exd4 Bd6 6. h3 Nf6 7. Nf3 O-O 8.
O-O Nc6 9. a3 Bf5 10. Nc3 h6 11. Re1 Re8 12. Be3 a6 13. Nh4 Be6 14. Bxe6 Rxe6
15. Nf5 Ne7 16. Nxe7+ Qxe7 17. Qf3 c6 18. d5 cxd5 19. Nxd5 Nxd5 20. Qxd5 Re8
21. Red1 Bb8 22. Qf3 Qc7 23. g3 Qc2 24. Rd2 Qb3 25. Qf5 Rxe3 26. fxe3 Qxe3+ 27.
Qf2 Ba7 28. Kg2 Qxf2+ 29. Rxf2 Bxf2 30. Kxf2 Rc8 31. b4 Rc2+ 32. Kf3 Rc3+ 33.
Kf4 h5 34. h4 f6 35. Ke4 Rxg3 36. Kd4 b6 37. Kd5 Rc3 38. Kd4 Rc8 39. Kd5 Kf7
40. Kd6 g5 41. hxg5 fxg5 42. Re1 h4 43. Re7+ Kg6 44. Rb7 h3 45. Rxb6 Rh8 46.
Ke5+ Kh5 47. Rc6 g4 48. Kf4 Kh4 49. Rg6 h2 50. Rxg4+ Kh5 0-1

[Event "We Sastamala 2020"]
[Site "?"]
[Date "2020.02.29"]
[Round "3"]
[White "Hentunen, Asko"]
[Black "Nieminen, Ismo"]
[Result "1-0"]
[WhiteElo "2271"]
[BlackElo "1983"]
[PlyCount "70"]
[EventDate "2021.11.06"]
[SourceDate "2021.11.06"]
[SourceVersionDate "2021.11.06"]

1. c4 c5 2. g3 Nc6 3. Bg2 e5 4. Nc3 f5 5. d3 Nf6 6. Nf3 Be7 7. O-O O-O 8. a3 d6
9. Rb1 a5 10. Bd2 Kh8 11. Ne1 Rb8 12. Nc2 Nd4 13. b4 axb4 14. axb4 Nxc2 15.
Qxc2 cxb4 16. Nd5 Nxd5 17. Bxd5 Bd7 18. Rxb4 Bc6 19. Rfb1 Rc8 20. Qb3 f4 21.
Kg2 Bg5 22. Be1 Qf6 23. f3 fxg3 24. hxg3 Be3 25. Bxc6 bxc6 26. Rb8 Rxb8 27.
Qxb8 h5 28. Qc7 d5 29. cxd5 cxd5 30. Bc3 d4 31. Bb4 Rf7 32. Qb8+ Kh7 33. Bd6
Qf5 34. Rb5 Qg6 35. Bxe5 Rf5 1-0

[Event "We Sastamala 2020"]
[Site "?"]
[Date "2020.03.01"]
[Round "4"]
[White "Jarvenpaa, Jari"]
[Black "Hentunen, Asko"]
[Result "1/2-1/2"]
[WhiteElo "2279"]
[BlackElo "2271"]
[PlyCount "86"]
[EventDate "2020.??.??"]
[SourceDate "2021.11.06"]
[SourceVersionDate "2021.11.06"]

1. e4 c5 2. Be2 g6 3. f4 Bg7 4. Nf3 d6 5. d3 Nc6 6. O-O Qb6 7. c3 Nf6 8. Na3
O-O 9. Kh1 d5 10. e5 Ne8 11. Nc2 Nc7 12. b4 cxb4 13. Be3 Qa5 14. cxb4 Qa4 15.
a3 Rd8 16. Qd2 Ne6 17. Bd1 Qa6 18. Rb1 b5 19. Qf2 d4 20. Bc1 Qb6 21. Nd2 Nc7
22. Ne4 Be6 23. Nc5 Ba2 24. Ra1 Bd5 25. Bb2 a5 26. Bg4 axb4 27. Nd7 Qb7 28.
axb4 Rxa1 29. Rxa1 Na6 30. Nc5 Nxc5 31. bxc5 b4 32. Nxd4 Nxd4 33. Bxd4 e6 34.
Bb2 b3 35. d4 Bh6 36. Kg1 Ra8 37. Rxa8+ Qxa8 38. Bf3 Qa2 39. Qd2 Bxf4 40. Qxf4
Qxb2 41. Bxd5 exd5 42. e6 fxe6 43. Qb8+ Kg7 1/2-1/2

[Event "We Sastamala 2020"]
[Site "?"]
[Date "2020.03.01"]
[Round "4"]
[White "Linden, Lari"]
[Black "Piho, Juha"]
[Result "1-0"]
[WhiteElo "2182"]
[BlackElo "1952"]
[PlyCount "79"]
[EventDate "2020.??.??"]
[SourceDate "2021.11.06"]
[SourceVersionDate "2021.11.06"]

1. d4 Nf6 2. c4 c5 3. d5 e6 4. Nc3 exd5 5. cxd5 d6 6. g3 g6 7. Bg2 Bg7 8. Nf3
O-O 9. O-O Re8 10. Nd2 a6 11. a4 Nbd7 12. h3 b6 13. e4 Rb8 14. Nc4 Ne5 15. Na3
c4 16. f4 Nd3 17. Nxc4 Nxc1 18. Rxc1 b5 19. Nd2 b4 20. Ne2 Nd7 21. Nc4 Nc5 22.
e5 dxe5 23. fxe5 Bf5 24. Nf4 Be4 25. Re1 Bxg2 26. Kxg2 Qg5 27. h4 Qd8 28. d6
Ne6 29. Nd5 Nf8 30. Nc7 Re6 31. Qd5 g5 32. Nxe6 Nxe6 33. h5 g4 34. Qd2 Ng5 35.
Qf4 Nf3 36. h6 Nxe1+ 37. Rxe1 Bh8 38. Qxg4+ Kf8 39. e6 fxe6 40. Rf1+ 1-0

[Event "Keres Memorial G20 2020"]
[Site "?"]
[Date "2020.07.27"]
[Round "1"]
[White "Nazarova, Anastasia"]
[Black "Muetsch, Annmarie"]
[Result "1-0"]
[WhiteElo "2171"]
[BlackElo "2219"]
[PlyCount "109"]
[EventDate "2020.??.??"]
[SourceDate "2021.11.06"]
[SourceVersionDate "2021.11.06"]

1. e4 c5 2. Nf3 Nc6 3. d4 cxd4 4. Nxd4 e5 5. Nb5 d6 6. N1c3 a6 7. Na3 b5 8. Nd5
Nge7 9. c4 Nxd5 10. cxd5 Nd4 11. Bd3 g6 12. O-O Bg7 13. Nc2 O-O 14. Be3 Kh8 15.
f3 Bd7 16. Nxd4 exd4 17. Bf2 Qb6 18. Qd2 f5 19. Rad1 Rac8 20. Rfe1 f4 21. Bb1
Be5 22. Bxd4 Bxd4+ 23. Qxd4+ Qxd4+ 24. Rxd4 Kg7 25. Kf2 Kf6 26. g3 Ke5 27. Rdd1
g5 28. Rc1 fxg3+ 29. hxg3 Rxc1 30. Rxc1 Bg4 31. Rc3 b4 32. Re3 h5 33. Bd3 a5
34. Bf1 h4 35. gxh4 gxh4 36. a3 Bh5 37. axb4 axb4 38. Rb3 Kf4 39. Bh3 Rb8 40.
Be6 Rb7 41. Re3 Rc7 42. e5 Rc2+ 43. Re2 Rxe2+ 44. Kxe2 Kxe5 45. Ke3 Bg6 46. f4+
Kf6 47. Kf3 Bf5 48. Bg8 Kg7 49. Be6 Bxe6 50. dxe6 Kf6 51. Kg4 Kxe6 52. Kxh4 Kf5
53. Kg3 d5 54. Kf3 d4 55. b3 1-0

[Event "Keres Memorial G20 2020"]
[Site "?"]
[Date "2020.07.27"]
[Round "1"]
[White "Tonso, Liina"]
[Black "Sarabella, Norlamo"]
[Result "1-0"]
[WhiteElo "1862"]
[BlackElo "2023"]
[PlyCount "78"]
[EventDate "2020.??.??"]
[SourceDate "2021.11.06"]
[SourceVersionDate "2021.11.06"]

1. d4 Nf6 2. c4 e6 3. Nf3 b6 4. a3 Bb7 5. Nc3 d5 6. cxd5 Nxd5 7. e3 Be7 8. Bb5+
c6 9. Bd3 Nd7 10. O-O O-O 11. Ne4 Qc7 12. Bd2 e5 13. Ng3 exd4 14. Nxd4 Ne5 15.
Be2 c5 16. Nb5 Qc6 17. e4 Nf6 18. f3 Rfd8 19. Nf5 Bf8 20. Qc2 a6 21. Nc3 Rd7
22. Rad1 Rad8 23. Bf4 Ng6 24. Bg5 h6 25. Be3 Qe6 26. Na4 Nxe4 27. fxe4 Bxe4 28.
Nxh6+ gxh6 29. Qc1 Qc6 30. Rxd7 Rxd7 31. Nc3 Bxg2 32. Rf2 Nh4 33. Bf4 Bf3 34.
Qe3 Qg6+ 35. Bg3 Bxe2 36. Qxe2 Rd4 37. Kh1 Qc6+ 38. Kg1 Ng6 39. Qe3 b5 1-0

[Event "Keres Memorial G20 2020"]
[Site "?"]
[Date "2020.07.28"]
[Round "2"]
[White "Olde, Margareth"]
[Black "Sarabella, Norlamo"]
[Result "1/2-1/2"]
[WhiteElo "2205"]
[BlackElo "2023"]
[PlyCount "167"]
[SourceDate "2021.11.06"]
[SourceVersionDate "2021.11.06"]

1. d4 Nf6 2. c4 e6 3. Nf3 b6 4. g3 Ba6 5. b3 Bb4+ 6. Bd2 Be7 7. Nc3 d5 8. cxd5
exd5 9. Bg2 O-O 10. O-O Ne4 11. Be1 Bb7 12. Ne5 f6 13. Nd3 Na6 14. a3 Qd7 15.
b4 Rac8 16. Nf4 Nxc3 17. Bxc3 c6 18. e4 Nc7 19. Bh3 f5 20. Bxf5 Rxf5 21. exf5
Qxf5 22. Re1 Bd6 23. Qh5 Qf6 24. Nh3 Rf8 25. Ra2 Nb5 26. Ba1 Bc8 27. Kg2 Bf5
28. Ng1 Bg6 29. Qe2 Be4+ 30. f3 Bf5 31. Qd2 Nc7 32. Qc3 Bd7 33. Rae2 h5 34. Kh1
h4 35. g4 Nb5 36. Qd3 Qh6 37. Bb2 Rf7 38. Bc1 Qf6 39. Be3 Re7 40. Qd2 Rf7 41.
Qd3 g5 42. Rf2 Bg3 43. Nh3 Bxf2 44. Bxf2 Qxf3+ 45. Qxf3 Rxf3 46. Kg2 Bxg4 47.
Nxg5 h3+ 48. Kg1 Rxa3 49. Be3 Rb3 50. Kf2 Bf5 51. Kg3 Nxd4 52. Kf4 Nc2 53. Rg1
Rxb4+ 54. Kxf5 Nxe3+ 55. Kg6 Rg4 56. Ra1 a5 57. Rb1 b5 58. Re1 d4 59. Rc1 Nc4
60. Re1 Kf8 61. Kf6 Ne3 62. Rc1 Nd5+ 63. Kg6 Ne7+ 64. Kh5 Rg2 65. Nxh3 Rxh2 66.
Kg4 d3 67. Nf4 d2 68. Rd1 Nd5 69. Nxd5 cxd5 70. Kg3 Re2 71. Kf3 Re6 72. Rxd2
Rd6 73. Ke3 Ke7 74. Kd4 Rc6 75. Rh2 Kd6 76. Rh6+ Kc7 77. Rh8 Rd6 78. Kc5 b4 79.
Ra8 Kb7 80. Rxa5 Rd8 81. Rb5+ Kc7 82. Rxb4 d4 83. Rxd4 Rxd4 84. Kxd4 1/2-1/2

[Event "Keres Memorial G20 2020"]
[Site "?"]
[Date "2020.07.28"]
[Round "2"]
[White "Kiolbasa, Oliwia"]
[Black "Nazarova, Anastasia"]
[Result "1-0"]
[WhiteElo "2160"]
[BlackElo "2171"]
[PlyCount "85"]
[SourceDate "2021.11.06"]
[SourceVersionDate "2021.11.06"]

1. e4 c5 2. Nf3 Nc6 3. d4 cxd4 4. Nxd4 g6 5. c4 Nf6 6. Nc3 d6 7. Be2 Bg7 8. Be3
O-O 9. O-O Bd7 10. h3 Nxd4 11. Bxd4 Bc6 12. Qc2 a5 13. Rad1 Qc7 14. f4 Nd7 15.
Bxg7 Kxg7 16. Qd2 Qb6+ 17. Kh2 Qc5 18. Nd5 Bxd5 19. cxd5 Qb4 20. Qxb4 axb4 21.
Rd4 Rxa2 22. Rxb4 Nc5 23. e5 Rd8 24. Rc1 Kf8 25. Rcc4 Ra1 26. Rb5 Re1 27. Bf3
Rb8 28. Kg3 Re3 29. Kf2 Rb3 30. Rcxc5 Rxf3+ 31. Kxf3 dxc5 32. Rxc5 Ke8 33. Rc7
b5 34. Ke4 Ra8 35. d6 exd6 36. exd6 Ra2 37. Re7+ Kf8 38. Rb7 f5+ 39. Ke5 Rxb2
40. Rb8+ Kf7 41. d7 Re2+ 42. Kd6 Rd2+ 43. Kc7 1-0

[Event "Keres Memorial G20 2020"]
[Site "?"]
[Date "2020.07.30"]
[Round "6"]
[White "Nazarova, Anastasia"]
[Black "Tonso, Liina"]
[Result "1-0"]
[WhiteElo "2171"]
[BlackElo "1862"]
[PlyCount "121"]
[SourceDate "2021.11.06"]
[SourceVersionDate "2021.11.06"]

1. e4 c6 2. d4 d5 3. exd5 cxd5 4. Bd3 Nc6 5. c3 g6 6. Nf3 Bf5 7. Bxf5 gxf5 8.
O-O e6 9. Re1 Bd6 10. Bg5 Qc7 11. c4 Nge7 12. cxd5 Nxd5 13. Nc3 Nxc3 14. bxc3
Be7 15. Bxe7 Qxe7 16. Rb1 O-O 17. Rb5 Qf6 18. Rxb7 Kh8 19. Qd2 Rg8 20. Rc7 Rac8
21. Rxc8 Rxc8 22. Qf4 Ne7 23. Rc1 Nd5 24. Qd2 Rg8 25. c4 Qg7 26. g3 Nf6 27. Qf4
Ne4 28. c5 Nf6 29. Rb1 Nd5 30. Qe5 Rc8 31. Ng5 Kg8 32. Rb8 Ne7 33. Rxc8+ Nxc8
34. Qb8 Qxg5 35. Qxc8+ Kg7 36. Qc7 Qd2 37. Qe5+ Kg6 38. a3 a5 39. Kg2 Qc2 40.
h4 h6 41. Qe3 a4 42. Qf3 Qc4 43. h5+ Kg7 44. Qe3 Qd5+ 45. Kh2 Qc4 46. Qe5+ Kh7
47. Qe3 Qd5 48. Qc3 Qc6 49. Qc2 Kg7 50. Kg1 Kg8 51. Qc4 Kg7 52. Qe2 Kh7 53. Qe5
Qb7 54. d5 exd5 55. Qxf5+ Kg7 56. Qe5+ Kh7 57. Qf6 d4 58. c6 Qb1+ 59. Kh2 Qb5
60. Qxf7+ Kh8 61. c7 1-0

[Event "Keres Memorial G20 2020"]
[Site "?"]
[Date "2020.07.31"]
[Round "7"]
[White "Sarabella, Norlamo"]
[Black "Nazarova, Anastasia"]
[Result "1/2-1/2"]
[WhiteElo "2023"]
[BlackElo "2171"]
[PlyCount "77"]
[SourceDate "2021.11.06"]
[SourceVersionDate "2021.11.06"]

1. c4 e6 2. d4 Nf6 3. Nc3 Bb4 4. Qc2 d5 5. a3 Bxc3+ 6. Qxc3 Ne4 7. Qc2 c5 8.
dxc5 Nc6 9. Nf3 Qa5+ 10. Bd2 Qxc5 11. e3 O-O 12. Bd3 Nxd2 13. Nxd2 h6 14. cxd5
Qxd5 15. Be4 Qg5 16. O-O Bd7 17. Nf3 Qe7 18. Rac1 Rfd8 19. Rfd1 Rac8 20. Qe2 e5
21. h3 a6 22. b4 Kh8 23. Qb2 Re8 24. Rc5 b6 25. Rcd5 Be6 26. R5d2 f6 27. Nh4
Kg8 28. Nf5 Bxf5 29. Bxf5 Rc7 30. Rd7 Rxd7 31. Rxd7 Qf8 32. Qd2 Kh8 33. Bg6 Rd8
34. Rxd8 Qxd8 35. Qc2 Qd6 36. Bd3 a5 37. bxa5 bxa5 38. a4 Ne7 39. Be4 1/2-1/2

[Event "Keres Memorial G20 2020"]
[Site "?"]
[Date "2020.08.01"]
[Round "9"]
[White "Norlamo, Sarabella"]
[Black "Grete, Olde"]
[Result "0-1"]
[WhiteElo "2023"]
[BlackElo "2046"]
[PlyCount "78"]
[SourceDate "2021.11.06"]
[SourceVersionDate "2021.11.06"]

1. d4 d5 2. c4 e6 3. Nc3 Be7 4. Nf3 Nf6 5. Bf4 O-O 6. e3 b6 7. cxd5 exd5 8. Bd3
c5 9. Ne5 Bb7 10. O-O Nc6 11. Qf3 Nxe5 12. Bxe5 Nd7 13. Qh3 g6 14. Bf4 a6 15.
Rac1 Bf6 16. Ne2 Re8 17. Rfd1 Qe7 18. b3 Nf8 19. Qg3 Bh4 20. Qf3 Ne6 21. Bg3
Bf6 22. Nf4 Ng5 23. Qe2 Qd7 24. dxc5 bxc5 25. Rxc5 d4 26. Qc2 dxe3 27. fxe3
Rac8 28. Rxc8 Rxc8 29. Bc4 Qe7 30. Qe2 Re8 31. Nd5 Bxd5 32. Rxd5 Ne4 33. Be1
Bg5 34. Bd3 Qa7 35. Bxe4 Bxe3+ 36. Bf2 Rxe4 37. Bxe3 Rxe3 38. Rd8+ Re8+ 39. Kf1
Rxd8 0-1

[Event "Keres Memorial G20 2020"]
[Site "?"]
[Date "2020.08.01"]
[Round "9"]
[White "Limanovska, Elizabete"]
[Black "Nazarova, Anastasia"]
[Result "1/2-1/2"]
[WhiteElo "2179"]
[BlackElo "2171"]
[PlyCount "49"]
[SourceDate "2021.11.06"]
[SourceVersionDate "2021.11.06"]

1. e4 e5 2. Nf3 Nc6 3. Bb5 a6 4. Ba4 Nf6 5. O-O Be7 6. Re1 b5 7. Bb3 O-O 8. a4
b4 9. d3 d6 10. h3 Rb8 11. Nbd2 Na5 12. Ba2 Be6 13. Bxe6 fxe6 14. Nc4 Nxc4 15.
dxc4 Qe8 16. Ng5 Bd8 17. c5 d5 18. exd5 exd5 19. Nf3 e4 20. Nd4 Be7 21. Ne6 Rf7
22. Ng5 Rf8 23. Ne6 Rf7 24. Ng5 Rf8 25. Ne6 1/2-1/2

[Event "HSL:n kesaturnaus A 2020"]
[Site "?"]
[Date "2020.07.11"]
[Round "1"]
[White "Rinne, Heini"]
[Black "Montonen, Samu"]
[Result "0-1"]
[WhiteElo "1907"]
[BlackElo "2055"]
[PlyCount "74"]
[EventDate "2020.??.??"]
[SourceDate "2021.11.06"]
[SourceVersionDate "2021.11.06"]

1. d4 Nf6 2. c4 g6 3. Nc3 Bg7 4. e4 d6 5. h3 O-O 6. Bg5 c6 7. Bd3 Qa5 8. Be3 e5
9. d5 cxd5 10. cxd5 Na6 11. Nge2 Nc5 12. O-O Nxd3 13. Qxd3 Bd7 14. b4 Qd8 15.
a4 Ne8 16. Qd2 f5 17. Bg5 Bf6 18. Bxf6 Nxf6 19. exf5 gxf5 20. Qd3 f4 21. Ne4
Nxe4 22. Qxe4 f3 23. Ng3 Rf4 24. Qe3 fxg2 25. Kxg2 Qh4 26. Ne2 Rxb4 27. f4 exf4
28. Rxf4 Rxf4 29. Nxf4 Re8 30. Ne6 Bxe6 31. dxe6 Qf6 32. Re1 Qe5 33. Qxe5 dxe5
34. Rxe5 Kg7 35. Kf3 Kf6 36. Rh5 Re7 37. Rh6+ Kg5 0-1

[Event "HSL:n kesaturnaus A 2020"]
[Site "?"]
[Date "2020.07.11"]
[Round "1"]
[White "Bederdin, Lauri"]
[Black "Raki, Jyrki"]
[Result "1/2-1/2"]
[WhiteElo "2045"]
[BlackElo "1906"]
[PlyCount "70"]
[EventDate "2020.??.??"]
[SourceDate "2021.11.06"]
[SourceVersionDate "2021.11.06"]

1. Nf3 Nf6 2. d4 g6 3. c4 c5 4. d5 b5 5. cxb5 a6 6. bxa6 Bxa6 7. Nc3 d6 8. g3
Bg7 9. Bg2 Nbd7 10. Rb1 O-O 11. O-O Qa5 12. Bd2 Rfb8 13. Qc2 Ng4 14. b3 Nge5
15. Ne1 f5 16. h3 Nf6 17. f4 Ned7 18. Nf3 c4 19. Nd4 Qc5 20. e3 cxb3 21. Nxb3
Rxb3 22. Qxb3 Bxf1 23. Kxf1 Ra3 24. Qb4 Nh5 25. Ne2 Rxa2 26. g4 Qc2 27. gxh5
Qxd2 28. Qxd2 Rxd2 29. hxg6 hxg6 30. Rb7 Nf6 31. Rxe7 Nxd5 32. Bxd5+ Rxd5 33.
Kf2 Kf8 34. Rd7 Bf6 35. Kf3 Rd2 1/2-1/2

[Event "HSL:n kesaturnaus A 2020"]
[Site "?"]
[Date "2020.07.11"]
[Round "2"]
[White "Raki, Jyrki"]
[Black "Paajala, Niki"]
[Result "1-0"]
[WhiteElo "1906"]
[BlackElo "1974"]
[PlyCount "145"]
[EventDate "2020.??.??"]
[SourceDate "2021.11.06"]
[SourceVersionDate "2021.11.06"]

1. d4 f5 2. c4 Nf6 3. Nc3 d6 4. g3 g6 5. Bg2 Bg7 6. Nh3 c6 7. O-O O-O 8. Qb3
Qe8 9. d5 c5 10. Ng5 Na6 11. Ne6 Rf7 12. e4 fxe4 13. Nxe4 Nxe4 14. Bxe4 Rb8 15.
Nxg7 Rxg7 16. Bd2 b5 17. Bc3 Rf7 18. cxb5 Qxb5 19. Qd1 Bf5 20. Bg2 Kf8 21. a3
Qb3 22. Qd2 Nc7 23. Qh6+ Ke8 24. Rad1 Bg4 25. Rd2 Nb5 26. Bg7 Nd4 27. Bxd4 cxd4
28. Rxd4 Bf3 29. Bxf3 Qxf3 30. Rd2 Rb5 31. Qe3 a5 32. Qe6 Kf8 33. Qe3 Kg7 34.
Re1 Qf6 35. Ree2 Qf5 36. Qd3 Rc5 37. Qxf5 gxf5 38. Re3 Rb5 39. Kg2 Kf6 40. f4
Rf8 41. Rde2 Re8 42. Re6+ Kf7 43. Rh6 Rxd5 44. Rxh7+ Kf6 45. Rh6+ Kf7 46. Rhe6
Rb5 47. h4 Rb7 48. R6e3 Kf6 49. b3 e5 50. fxe5+ dxe5 51. Rf2 Rb5 52. g4 e4 53.
Kg3 Rd5 54. Rxf5+ Rxf5 55. gxf5 Kxf5 56. b4 axb4 57. axb4 Rg8+ 58. Kf2 Rb8 59.
Rb3 Kf4 60. b5 Rb6 61. h5 Kf5 62. Ke3 Ke5 63. Rb4 Kd5 64. Rd4+ Kc5 65. Rxe4
Kxb5 66. Kf4 Kc5 67. Kg5 Kd5 68. Re8 Rb1 69. Kg6 Rg1+ 70. Kh7 Kd6 71. h6 Kd7
72. Rg8 Rh1 73. Rg6 1-0

[Event "HSL:n kesaturnaus A 2020"]
[Site "?"]
[Date "2020.07.11"]
[Round "2"]
[White "Kopsa, Petri"]
[Black "Kumpulainen, Jari"]
[Result "1/2-1/2"]
[WhiteElo "2041"]
[BlackElo "1931"]
[PlyCount "34"]
[EventDate "2020.??.??"]
[SourceDate "2021.11.06"]
[SourceVersionDate "2021.11.06"]

1. e4 d5 2. d4 dxe4 3. Nc3 Nf6 4. f3 exf3 5. Nxf3 c6 6. Bc4 e6 7. O-O Bd6 8.
Qe2 O-O 9. Bg5 Nbd7 10. Rae1 Nb6 11. Bd3 Be7 12. Qf2 h6 13. Qh4 Nfd5 14. Ne4 f5
15. c4 Nf6 16. Nxf6+ Bxf6 17. Bxf6 Qxf6 1/2-1/2

[Event "HSL:n kesaturnaus A 2020"]
[Site "?"]
[Date "2020.07.11"]
[Round "2"]
[White "Rinne, Heini"]
[Black "Paronen, Petteri"]
[Result "1/2-1/2"]
[WhiteElo "1907"]
[BlackElo "2038"]
[PlyCount "52"]
[EventDate "2020.??.??"]
[SourceDate "2021.11.06"]
[SourceVersionDate "2021.11.06"]

1. d4 Nf6 2. Nf3 d6 3. c3 g6 4. Bf4 Bg7 5. e3 Nh5 6. Bg3 Nxg3 7. hxg3 e6 8.
Nbd2 Nd7 9. Qb3 b6 10. a4 a5 11. Bd3 Bb7 12. Be4 c6 13. Bd3 O-O 14. g4 d5 15.
Qc2 e5 16. dxe5 Nxe5 17. Nxe5 Bxe5 18. f4 Bg7 19. O-O-O b5 20. Nf3 bxa4 21. f5
Qd6 22. Qxa4 Ba6 23. Bxa6 Rxa6 24. Nd4 Rb8 25. Rd2 Rab6 26. fxg6 hxg6 1/2-1/2

[Event "HSL:n kesaturnaus A 2020"]
[Site "?"]
[Date "2020.07.12"]
[Round "3"]
[White "Paronen, Petteri"]
[Black "Kumpulainen, Jari"]
[Result "1/2-1/2"]
[WhiteElo "2038"]
[BlackElo "1931"]
[PlyCount "46"]
[EventDate "2020.??.??"]
[SourceDate "2021.11.06"]
[SourceVersionDate "2021.11.06"]

1. e4 c5 2. Nf3 e6 3. c3 d5 4. e5 Nc6 5. d4 Nge7 6. dxc5 Ng6 7. b4 Ncxe5 8.
Nxe5 Nxe5 9. Be3 Be7 10. Nd2 O-O 11. f4 Ng6 12. Be2 Bf6 13. Rc1 e5 14. fxe5
Nxe5 15. O-O Ng6 16. Nf3 Be6 17. Qd2 Qc7 18. Bd4 Ne5 19. Nxe5 Bxe5 20. Bxe5
Qxe5 21. Bf3 b6 22. c4 Rad8 23. cxd5 Bxd5 1/2-1/2

[Event "HSL:n kesaturnaus A 2020"]
[Site "?"]
[Date "2020.07.12"]
[Round "3"]
[White "Paajala, Niki"]
[Black "Rinne, Heini"]
[Result "1/2-1/2"]
[WhiteElo "1974"]
[BlackElo "1907"]
[PlyCount "96"]
[EventDate "2020.??.??"]
[SourceDate "2021.11.06"]
[SourceVersionDate "2021.11.06"]

1. d4 c6 2. c4 d5 3. Nc3 Nf6 4. cxd5 cxd5 5. Nf3 Nc6 6. e3 a6 7. a3 Bg4 8. h3
Bxf3 9. Qxf3 e6 10. Qd1 Bd6 11. Bd3 O-O 12. O-O Bc7 13. f4 Ne7 14. Bd2 Nf5 15.
Qf3 Nh4 16. Qf2 Nf5 17. g4 Nd6 18. Qf3 Nc4 19. Bxc4 dxc4 20. Qxb7 Rb8 21. Qxa6
Rxb2 22. Rad1 Ba5 23. Nb1 Bxd2 24. Rxd2 Rxd2 25. Nxd2 c3 26. Nb3 Qd5 27. Nc5
Ne4 28. Rc1 Nxc5 29. dxc5 Qd2 30. Qf1 Qxe3+ 31. Kg2 Qxc5 32. Qd3 Qxa3 33. Rxc3
Qa8+ 34. Kg3 Rd8 35. Qf3 Qa1 36. Qe3 h6 37. Ra3 Qd1 38. Rc3 Qd5 39. Qf3 Kf8 40.
h4 Qxf3+ 41. Rxf3 Ke7 42. Re3 g6 43. Rb3 Rd7 44. Ra3 Rb7 45. Rc3 Kd6 46. Ra3
Kd5 47. Kf3 Rc7 48. Rd3+ Kc4 1/2-1/2

[Event "HSL:n kesaturnaus A 2020"]
[Site "?"]
[Date "2020.07.12"]
[Round "4"]
[White "Piho, Juha"]
[Black "Paronen, Petteri"]
[Result "0-1"]
[WhiteElo "1973"]
[BlackElo "2038"]
[PlyCount "66"]
[EventDate "2020.??.??"]
[SourceDate "2021.11.06"]
[SourceVersionDate "2021.11.06"]

1. e4 c5 2. Nf3 e6 3. d4 cxd4 4. Nxd4 a6 5. Bd3 Qc7 6. O-O Nf6 7. c4 Nc6 8.
Nxc6 dxc6 9. Nc3 e5 10. Be2 h5 11. Bg5 Be6 12. Rc1 Bc5 13. a3 Bd4 14. Bxf6 gxf6
15. Nd5 Qd8 16. Ne3 Qb6 17. c5 Bxc5 18. Nc4 Qc7 19. b4 Bd4 20. Qc2 Ke7 21. Kh1
Rag8 22. Bf3 Rg5 23. Rfd1 Rhg8 24. Ne3 Qd7 25. h4 R5g7 26. Rd3 f5 27. exf5 Bxf5
28. Nxf5+ Qxf5 29. Qe2 Rd8 30. Rcd1 Kf8 31. Be4 Qg4 32. Bf3 Qxh4+ 33. Kg1 Qg5
0-1

[Event "HSL:n kesaturnaus A 2020"]
[Site "?"]
[Date "2020.07.12"]
[Round "4"]
[White "Kopsa, Petri"]
[Black "Rinne, Heini"]
[Result "1/2-1/2"]
[WhiteElo "2041"]
[BlackElo "1907"]
[PlyCount "83"]
[EventDate "2020.??.??"]
[SourceDate "2021.11.06"]
[SourceVersionDate "2021.11.06"]

1. e4 c6 2. d4 d5 3. exd5 cxd5 4. Bd3 Nc6 5. c3 Qc7 6. Nd2 Nf6 7. h3 g6 8. Ne2
Bf5 9. Nf3 Bxd3 10. Qxd3 e6 11. Bf4 Bd6 12. Qe3 Bxf4 13. Nxf4 Ne4 14. O-O O-O
15. h4 Ne7 16. g4 Nf6 17. Ne5 Nc6 18. Nfd3 Rae8 19. Qf4 Qe7 20. Rae1 Ne4 21. f3
Nxe5 22. dxe5 Nc5 23. Nxc5 Qxc5+ 24. Kg2 Qe7 25. g5 h5 26. gxh6 f6 27. exf6
Qxf6 28. Qg5 Kh7 29. f4 Qe7 30. Re5 Rf5 31. Rxf5 exf5 32. Qxe7+ Rxe7 33. Kf3
Kxh6 34. Rd1 Rd7 35. Rd4 b5 36. b3 Rc7 37. Rd3 Kh5 38. Kg3 a5 39. a3 Rc6 40.
Re3 Rc7 41. Rd3 Rc6 42. Re3 1/2-1/2

[Event "54th Ilmar Raud Mem 2020"]
[Site "?"]
[Date "2020.07.07"]
[Round "2"]
[White "Keso, Elias"]
[Black "Meshkovs, Nikita"]
[Result "0-1"]
[WhiteElo "2300"]
[BlackElo "2582"]
[PlyCount "102"]
[EventDate "2020.07.06"]
[SourceDate "2021.11.06"]
[SourceVersionDate "2021.11.06"]

1. e4 c5 2. Nf3 Nc6 3. d4 cxd4 4. Nxd4 e6 5. Nc3 a6 6. Be3 Qc7 7. a3 b5 8. Nxc6
dxc6 9. Qg4 Nf6 10. Qg3 Qxg3 11. hxg3 Ng4 12. Bg5 Bc5 13. f3 Ne3 14. Kd2 Nxf1+
15. Rhxf1 e5 16. Be3 Be7 17. Na2 c5 18. Nc3 Be6 19. Rad1 O-O-O+ 20. Kc1 Bc4 21.
Nd5 Rxd5 22. exd5 Bxf1 23. Rxf1 c4 24. Bb6 Kd7 25. Rd1 h5 26. Kd2 f5 27. Kc3
Rh6 28. Bf2 Rg6 29. a4 h4 30. axb5 axb5 31. Ra1 hxg3 32. Bg1 Rh6 33. Ra7+ Ke8
34. Ra8+ Kf7 35. Ra7 Kf6 36. f4 Bd6 37. Rd7 Bf8 38. Rd8 Be7 39. fxe5+ Kxe5 40.
Bd4+ Kf4 41. Re8 Bf6 42. Bxf6 Rxf6 43. Kd4 Kg4 44. Rg8 Rf7 45. Ke5 Re7+ 46. Kd6
Re2 47. Rxg7+ Kf4 48. Re7 Rxg2 49. Re5 Kg4 50. Ke6 Rd2 51. Rxf5 Re2+ 0-1

[Event "54th Ilmar Raud Mem 2020"]
[Site "?"]
[Date "2020.07.07"]
[Round "3"]
[White "Meshkovs, Nikita"]
[Black "Pohjala, Henri"]
[Result "1-0"]
[WhiteElo "2582"]
[BlackElo "2358"]
[PlyCount "81"]
[EventDate "2020.07.06"]
[SourceDate "2021.11.06"]
[SourceVersionDate "2021.11.06"]

1. g3 d6 2. Bg2 c6 3. c4 e5 4. d4 Qc7 5. Nc3 Nf6 6. e4 Be7 7. Nge2 O-O 8. O-O
a5 9. h3 Na6 10. Be3 Bd7 11. Rc1 Rad8 12. Qd2 exd4 13. Bxd4 Nc5 14. g4 h6 15.
Ng3 Rfe8 16. f4 Bc8 17. Rcd1 Nfd7 18. Qf2 Bf8 19. b3 Ne6 20. Be3 Nec5 21. Nce2
Ne6 22. Rd2 Nec5 23. Rfd1 Na6 24. Bf3 a4 25. h4 axb3 26. axb3 Ndc5 27. Nd4 Nd7
28. g5 g6 29. gxh6 Bxh6 30. f5 Bxe3 31. Qxe3 d5 32. Rg2 Qe5 33. fxg6 fxg6 34.
Nh5 Nf8 35. Rg5 Qe7 36. cxd5 Rxd5 37. Rg2 Rd6 38. Rdd2 Qe5 39. Rg5 Qe7 40. Qf4
Kh8 41. Nf5 1-0